000 00404nam a2200157 i 4500
001 41480
003 ES-MaACL
005 20230906160434.0
007 t|
008 030311s1968 sp ||||1| rum d
100 1 _aCaranica, Nicu.
_934962
245 1 0 _aNasterea tragediei /
_cNicu Caranica.
260 _aMadrid :
_b[s.n.,
_c1968]
300 _a131 p. ;
_c21 cm.
852 _aES-MaACL
_jC-46986
_bR.66266
999 _c41480
_d41480